| 000 | 00441nam a2200169Ia 4500 | ||
|---|---|---|---|
| 003 | GCL | ||
| 008 | 140319s9999 xx 000 0 eng d | ||
| 040 |
_aGCL / _cGCL |
||
| 082 | 0 | 4 |
_a660.62 _bS L |
| 100 | 1 | _aSALMINEN, SEPPO | |
| 245 | 1 | 0 |
_aLACTIC ACID BACTERIA / _cSALMINEN, SEPPO |
| 700 | 1 | _aWRIGHT, ATTE VON | |
| 260 |
_a[S.N] : _bMARCEL DEKKER, INC ، _c1993 |
||
| 300 | _a442 PP | ||
| 650 | 0 | 4 | _aLACTIC ACID BACTERIA |
| 942 |
_2ddc _cBK |
||
| 999 |
_c23940 _d23940 |
||